Los juristas hispano-musulmanes: desde la conquista hasta la caída del califato de Córdoba años 711 a 1301 de C

Spremljeno u:
Bibliografski detalji
Glavni autor: Castejón Calderón, Rafael (Autor)
Format: Knjiga
Jezik:španjolski
Izdano: Madrid, España Instituto de Estudios Africanos 1948
Teme:
Oznake: Dodaj oznaku
Bez oznaka, Budi prvi tko označuje ovaj zapis!

MARC

LEADER 00000nam a2200000 a 4500
001 UCO0952
003 CL-VaPUC
005 20220222074029.0
008 000428e19480000SP |||||||||||||||||spa|d
999 |c 287588  |d 287586 
040 |c Pontificia Universidad Católica de Valparaíso 
082 0 4 |a 340.5246 CAS 1948  |2 21 
100 0 |a Castejón Calderón, Rafael  |e author  |9 442614 
245 1 4 |a Los juristas hispano-musulmanes:  |b  desde la conquista hasta la caída del califato de Córdoba años 711 a 1301 de C 
260 |a Madrid, España  |b Instituto de Estudios Africanos  |c 1948 
300 |a 178 páginas 
583 |a last modification  |c 20000428 00:00:00  |k Rodrigo Vera 
650 0 |a Historia del derecho  |z ESPAÑA  |9 255109 
650 7 |a ESCUELAS JURIDICAS  |2 CL-VaPUC  |9 395768  |z ESPAÑA 
650 0 |a Historia de España  |y SIGLOS 8-11  |9 315435 
650 0 |a Juristas  |z ESPAÑA  |9 255986 
650 0 |a Musulmanes  |z ESPAÑA  |9 332296 
852 |a BIBCUR 
942 |c BK  |2 ddc 
945 |d 20000428 00:00:00  |a rherrera 
952 |0 0  |1 0  |2 ddc  |4 0  |6 340_524600000000000_CAS_1948  |7 0  |8 X  |9 334507  |a BIBHIS  |b BIBHIS  |d 2019-11-20  |i 1268481  |o 340.5246 CAS 1948  |p 1268481  |r 2024-01-30  |t 1  |w 2019-11-20  |y BK_X  |k HIS